书目信息 |
| 题名: |
前厅、客房的服务与管理
|
|
| 作者: | 陈雪琼 主编 | |
| 分册: | ||
| 出版信息: | 北京 机械工业出版社 |
|
| 页数: | ||
| 开本: | 26cm | |
| 丛书名: | ||
| 单 册: | ||
| 中图分类: | F719.2 | |
| 科图分类: | ||
| 主题词: | 商业经济--国内 | |
| 电子资源: | ||
| ISBN: | 7-111-14366-3 | |
| 000 | 00569nam0 2200193 450 | |
| 001 | 0653730874 | |
| 005 | 20061214145624.42 | |
| 010 | @a7-111-14366-3@dCNY29.00 | |
| 100 | @a20061214d km y0chiy0120 ea | |
| 101 | 0 | @achi |
| 102 | @aCN@b110000 | |
| 200 | 1 | @a前厅、客房的服务与管理@Aqian ting、ke fang de fu wu yu guan li@f陈雪琼主编@Fchen xue qiong zhu bian |
| 210 | @a北京@c机械工业出版社 | |
| 215 | @d26cm | |
| 606 | 0 | @a商业经济@x国内 |
| 690 | @aF719.2@v3 | |
| 701 | 0 | @a陈雪琼@Achen xue qiong@4主编 |
| 801 | 0 | @aCN@bNISOFT@c20061214 |
| 905 | @a10447@dF719.2@eC6051 | |
| 前厅、客房的服务与管理/陈雪琼主编.-北京:机械工业出版社 |
| 26cm |
| ISBN 7-111-14366-3:CNY29.00 |
| ● |
| 相关链接 |
|
|
|
正题名:前厅、客房的服务与管理
索取号:F719.2/C6051
 
预约/预借
| 序号 | 登录号 | 条形码 | 馆藏地/架位号 | 状态 | 备注 |
| 1 | 444003 | 204440033 | 管理学院资料室/ [索取号:F719.2/C6051] | 在馆 |